El mahometismo
Gardado en:
| Autor Principal: | |
|---|---|
| Formato: | Libro |
| Idioma: | Lingua castelá |
| Publicado: |
Ciudad de México
Fondo de Cultura Económica
1952
|
| Edición: | 1a. ed |
| Series: | Breviarios del Fondo de Cultura Económica, 58
|
| Subjects: | |
| Tags: |
Engadir etiqueta
Sen Etiquetas, Sexa o primeiro en etiquetar este rexistro!
|
MARC
| LEADER | 00000cam a2200000 a 4500 | ||
|---|---|---|---|
| 001 | UCL3262 | ||
| 003 | CL-VaPUC | ||
| 008 | 031121e19520000MX |||||||||||||||||spa|d | ||
| 082 | 0 | 4 | |a 297 |b GIB |2 21 |
| 100 | |a Gibb, H. A |e author |9 480563 | ||
| 245 | 1 | 3 | |a El mahometismo |
| 250 | |a 1a. ed | ||
| 300 | |a 171 p | ||
| 942 | |c BK | ||
| 945 | |d 20031121 00:00:00 |a vberengu | ||
| 260 | |a Ciudad de México |b Fondo de Cultura Económica |c 1952 | ||
| 600 | 0 | |a Mahoma, |d 570-632 |9 482781 | |
| 650 | 0 | |a Islamismo |9 314084 | |
| 650 | 0 | |a Profetas |9 314377 | |
| 650 | 0 | |a Corán |9 314983 | |
| 650 | 7 | |a SUFISMO |2 CL-VaPUC |9 329572 | |
| 583 | |a last modification |c 20160704 03:56:02 |k Rodrigo Vera | ||
| 490 | 0 | |a Breviarios del Fondo de Cultura Económica, 58 | |
| 999 | |c 306374 |d 306372 | ||
| 952 | |0 0 |1 0 |4 0 |6 297_000000000000000_GIB_1952 |7 0 |8 P |9 371336 |a BIBTEO |b BIBTES |c TEO_FTES |d 2019-11-21 |i 2095122 |o 297 GIB 1952 |p 2095122 |r 2024-01-18 |w 2019-11-21 |y BK |k ICR | ||
| 952 | |0 0 |1 0 |3 erd |4 0 |6 297_000000000000000_GIB_1952 |7 0 |8 A |9 371337 |a FDOHBE |b FDOHBE |e Huesbe Llanos, Marco Antonio, 1934- |i 5332435 |o 297 GIB 1952 |p 5332435 |r 2024-01-30 |w 2019-11-21 |y BK |z Catalogado en:20160708 |k HBE | ||